A guide to the fourth, fifth and sixth Egyptian rooms, and the Coptic room : a series of collections of small Egyptian antiquities, which illustrate the manners and customs, the arts and crafts, the religion and literature, and the funeral rites and ceremonies of the ancient Egyptians and their descendants, the Copts, from about B.C. 4500 to A.D. 1000.

Saved in:

Corporate Author: British Museum. Department of Egyptian and Assyrian Antiquities.

Other Authors: Budge, E. A. Wallis Sir, 1857-1934.

Format: Book

Language: English

Published: [London] : Printed by order of the Trustees, 1922.

Subjects:

Tags: Add Tag

No Tags, Be the first to tag this record!

Call Number: DT59 .B72 1922

LEADER 01310nam a2200289Ia 4500
001 5795
003 OSt
005 20260510100004.0
008 130303s1922 enka bc 001 0 eng d
040 |c ARCE Library 
043 |a f-ua--- 
050 4 |a DT59 .B72 1922 
110 2 |a British Museum.  |b Department of Egyptian and Assyrian Antiquities. 
245 1 2 |a A guide to the fourth, fifth and sixth Egyptian rooms, and the Coptic room :  |b a series of collections of small Egyptian antiquities, which illustrate the manners and customs, the arts and crafts, the religion and literature, and the funeral rites and ceremonies of the ancient Egyptians and their descendants, the Copts, from about B.C. 4500 to A.D. 1000. 
264 1 |a [London] :  |b Printed by order of the Trustees,  |c 1922. 
300 |a xvi, 376 pages :  |b illustrations ;  |c 22 cm. 
500 |a At head of title : British Museum. 
500 |a Includes index. 
500 |a Preface signed : E. A. Wallis Budge. 
504 |a Bibliography : pages 373-376. 
610 2 0 |a British Museum.  |b Department of Egyptian and Assyrian Antiquities. 
650 0 |a Art  |z Egypt  |v Catalogs. 
651 0 |a Egypt  |x Antiquities  |v Catalogs. 
700 1 |a Budge, E. A. Wallis  |q (Ernest Alfred Wallis),  |c Sir,  |d 1857-1934. 
901 |a reviewed 
942 |c BK  |2 lcc 
999 |c 3960  |d 3960